00620nam a2200193 4500003000400000005001700004008004100021040001800062050001600080100001000096245007700106260005200183300001600235336002200251337002400273338002400297650002500321710008000346OSt20260530113909.0260420b1983 mx |||| |||| 00| 0 spa d aICIbspacICI aNK1390bC83 eautor aCuadernos de diseño /bDepartamento de Diseño Industrial y Gráfico a[México] :bUniversidad Iberoamericana,c1983 av. ;c19 cm 2rdacontentatexto 2rdamediaasin medio 2rdacarrieravolumen0 aDiseño industrial.21aUniversidad IberoamericanabDepartamento de Diseño Industrial y Gráfico